Minister-Presidenten van Nederland - Statistieken

Algemene statistieken
  • Deze quiz is 15 keer genomen
  • De gemiddelde score is 11 van 16
Antwoordstatistieken
Foto Antwoord % Correct
Mark Rutte
100%
Dick Schoof
93%
Jan Peter Balkenende
93%
Wim Kok
93%
Dries van Agt
80%
Joop den Uyl
80%
Ruud Lubbers
80%
Willem Drees
80%
Barend Biesheuvel
60%
Jelle Zijlstra
60%
Piet de Jong
53%
Wim Schermerhorn
53%
Jo Cals
47%
Louis Beel
47%
Jan de Quay
40%
Victor Marijnen
40%
Geen overeenkomende quizzen gevonden
Scoreverdeling
Procent van Mensen met Elke Score
Percentiel versus Aantal Correcte Antwoorden
Uw Scoregeschiedenis
U heeft deze quiz nog niet genomen